书目信息 |
| 题名: |
桥涵工程检测技术
|
|
| 作者: | 朱芳芳 著 | |
| 分册: | ||
| 出版信息: | 北京 人民交通出版社 2010.01 |
|
| 页数: | 207页 | |
| 开本: | 26cm | |
| 丛书名: | ||
| 单 册: | ||
| 中图分类: | U448.14 | |
| 科图分类: | ||
| 主题词: | 桥涵工程 | |
| 电子资源: | ||
| ISBN: | 978-7-114-08043-2 | |
| 000 | 00923 nam 000265 | |
| 001 | 0100016356 | |
| 005 | 20120418101806.76 | |
| 010 | @a978-7-114-08043-2@dCNY41.00 | |
| 100 | @a20101125d1997 em y0chiy0121 ea | |
| 101 | @achi | |
| 102 | @aCN@b110000 | |
| 105 | @ay z 000yy | |
| 200 | 10 | @a桥涵工程检测技术@Aqiao han gong cheng jian ce ji shu@f朱芳芳著@Fzhu fang fang zhu |
| 210 | @a北京@c人民交通出版社@d2010.01 | |
| 215 | @a207页@d26cm | |
| 300 | @a国家示范性高等职业院校课程改革教材 | |
| 330 | @a本书共设置了五个相对独立的学习情境,以典型工作任务驱动的方式,学习工作过程、技术实践知识和技术理论知识,实现工作与学习的整合,理论与实践的整合,专业能力、方法能力和社会能力的整合。 | |
| 410 | 0 | @12001 |
| 540 | @a桥涵工程检测技术 | |
| 606 | @a桥涵工程 | |
| 690 | @aU448.14@v4 | |
| 701 | 0 | @a朱芳芳@Azhu fang fang@4著 |
| 801 | @aCN@bDYGS@c20101108 | |
| 901 | @a211124 | |
| 905 | @b974329-31@dU448.14@eZ840@f3 | |
| 桥涵工程检测技术/朱芳芳著.-北京:人民交通出版社,2010.01 |
| 207页;26cm |
| 国家示范性高等职业院校课程改革教材 |
| ISBN 978-7-114-08043-2:CNY41.00 |
| 本书共设置了五个相对独立的学习情境,以典型工作任务驱动的方式,学习工作过程、技术实践知识和技术理论知识,实现工作与学习的整合,理论与实践的整合,专业能力、方法能力和社会能力的整合。 |
| ● |
| 相关链接 |
|
|
|
正题名:桥涵工程检测技术
索取号:U448.14/Z840
 
预约/预借
| 序号 | 登录号 | 条形码 | 馆藏地/架位号 | 状态 | 备注 |
| 1 | 486397 | 204863978 | 土木与交通工程学院资料室/ [索取号:U448.14/Z840] | 在馆 | |
| 2 | 974329 | 209743296 | 自科库501/501自科库 54排5列4层/ [索取号:U448.14/Z840] | 在馆 | |
| 3 | 974330 | 209743303 | 自科库501/501自科库 54排5列4层/ [索取号:U448.14/Z840] | 在馆 | |
| 4 | 974331 | 209743312 | 期刊室512/501自科库 54排5列4层/ [索取号:U448.14/Z840] | 在馆 |